Apertura de un túnel en la Carretera Abrera-Manresa
Publicado:
San Jorge, núm. 82 (2n trimestre 1971), pàg 54 - 55 :
MARC
| LEADER | 00000nam a2200000Ia 4500 | ||
|---|---|---|---|
| 001 | |||
| 008 | 160829s9999 xx 000 0 cat d | ||
| 245 | |a Apertura de un túnel en la Carretera Abrera-Manresa | ||
| 260 | |a San Jorge, núm. 82 (2n trimestre 1971), pàg 54 - 55 | ||
| 650 | |a Túnels |x Manresa |9 46208 | ||
| 650 | |a Túnels |x Abrera |9 46209 | ||
| 901 | |a Arxiu | ||
| 942 | |n 1 | ||
| 952 | |0 0 |1 0 |4 0 |7 1 |9 53078 |a Arxiu |b Arxiu |d 2016-12-01 |l 0 |r 2016-12-01 00:00:00 |w 2016-12-01 |y ARXIU | ||
| 999 | |c 56927 |d 56927 | ||